书目信息 |
| 书名: | The Tiananmen poems | |
| 作者: | edited and translated by Xiao Lan. | |
| 分册号: | ||
| 分册名: | 出版地: | Beijing : |
|
| 出版社: | Foreign Languages Pr | |
| 出版时间: | 1979. | |
| 页数: | 64 p., 11 leaves of plates : | |
| 开本: | 18 cm. | |
| 丛书名: | ||
| 中图分类号: | ||
| 科图分类号: | ||
| 其他分类号: | H319.4 | |
| 主题词: | ||
| 电子资源: | ||
| 000 | 00883nam 2200253 a 4500 | |
| 001 | E0731024202 | |
| 005 | 20070727081344.15 | |
| 008 | eng | |
| 008 | uu | |
| 040 | @aCcBjTSG | |
| 041 | 1 | @aeng @hchi |
| 049 | @aN5LA | |
| 090 | @a2C/I287.2/XLE///////////907055-57/ 3cop. | |
| 090 | @aH319.4 | |
| 096 | @aI287.2 @v2 | |
| 099 | @a49221@dH319.4@ex353 | |
| 100 | 1 | @aXiao, Lan. |
| 245 | 14 | @aThe Tiananmen poems / @cedited and translated by Xiao Lan. |
| 250 | @a1st ed. | |
| 260 | @aBeijing :@bForeign Languages Pr.,@c1979. | |
| 300 | @a64 p., 11 leaves of plates :@bill. ;@c18 cm. | |
| 600 | 10 | @aZhou, Enlai, @d1898-1976 @vPoetry. @b00 @c20020930 @lNLC09 @h2246 @lNLC09 @h2303 @lNLC09 @h1854 @b40 @c20030603 @lNLC09 @h1928 @b40 @c20051120 @lNLC09 @h0759 |
| 650 | 0 | @aChinese poetry @y20th century @vTranslations into English. |
| 852 | 9 | @bWWJC @cJ08S @k2C @hI287.2 @iXLE |
| The Tiananmen poems / / edited and translated by Xiao Lan.-1st ed.-Beijing : : Foreign Languages Pr., , 1979. |
| 64 p., 11 leaves of plates : : ill. ; ; 18 cm. |
| ISBN |
| ● |
| 相关链接 |
|
|
|
|
正题名:Tiananmen poems
索取号:H319.4/x353
 
预约/预借
| 序号 | 登录号 | 条形码 | 馆藏地/架位号 | 状态 | 备注 |
| 1 | 0014189 | 300141898 | 密集书库/ [索取号:H319.4/x353] | 在馆 | |
| 2 | 0014190 | 300141905 | 密集书库/ [索取号:H319.4/x353] | 在馆 | |
| 3 | 0014191 | 300141914 | 密集书库/ [索取号:H319.4/x353] | 在馆 | |
| 4 | 49221 | 202454726 | 第四借阅区/ [索取号:H319.4/x353] | 在馆 | |
| 5 | 49222 | 202454735 | 第四借阅区/ [索取号:H319.4/x353] | 在馆 | |
| 6 | 49223 | 202454744 | 第四借阅区/ [索取号:H319.4/x353] | 在馆 | |
| 7 | 49224 | 202454753 | 第四借阅区/ [索取号:H319.4/x353] | 在馆 | |
| 8 | 49225 | 202454762 | 第四借阅区/ [索取号:H319.4/x353] | 在馆 |